000 01100nam a2200289Ia 4500
001 F0109
003 IT-RoPAU
008 130308s9999 xx 000 0 und d
040 _aIT-RoPAU
040 _cIT-RoPAU
041 _aINGLESE
100 _aTehranian Majid
100 _gCodice Aut. SPICS: 36120
245 _aCommunication and Development
245 _bCommunication Theory today
250 _a1a ed.
260 _aCAMBRIDGE
260 _bPolity Press
260 _c1994 [1° Ed.:1994 - Ed.Ling.Originale:1994]
300 _a"33 p. (prefazione: no ; testo: 33 [pagine: 274-306])"
500 _aComunicazione e Sviluppo. Problemi di Definizione dei Concetti Comunicazione e Sviluppo. Modernità e Suoi Svantaggi. Quattro Paradigmi: Modernizzazione, Dipendenza, totalitarismo, Comunitarismo. Modelli Operativi: Supernaturale, Meccanico, Organico, Cybernetico, Linguistico. teorie e Modelli Convergenti. Problemi politici di Sviluppo.
650 _aSOCIOLOGIA DELLA COMUNICAZIONE SOCIALE
650 _eCodice materia Spics: 3806
942 _cBK
957 _71
999 _c80113
_d80113
999 _g1